Pensamiento jurídico central
Uloženo v:
| Hlavní autor: | |
|---|---|
| Médium: | Kniha |
| Jazyk: | španělština |
| Vydáno: |
Valencia
Tirant Lo Blanch
2017
|
| Vydání: | 1a. ed |
| Témata: | |
| Tagy: |
Přidat tag
Žádné tagy, Buďte první, kdo vytvoří štítek k tomuto záznamu!
|
MARC
| LEADER | 00000cam a2200000 a 4500 | ||
|---|---|---|---|
| 001 | UCC4121 | ||
| 003 | CL-VaPUC | ||
| 005 | 20240102103057.0 | ||
| 008 | 180713e20170000sp |||||||||||||||||spa|d | ||
| 999 | |c 371718 |d 371716 | ||
| 020 | |a 9788491694991 | ||
| 040 | |c Pontificia Universidad Católica de Valparaíso | ||
| 082 | 0 | 4 | |a 340.1 |b MAC |2 21 |
| 100 | |a Machado Martins, Priscila |e autora |9 598274 | ||
| 245 | 1 | 0 | |a Pensamiento jurídico central |
| 250 | |a 1a. ed | ||
| 260 | |a Valencia |b Tirant Lo Blanch |c 2017 | ||
| 300 | |a 314 p | ||
| 505 | |a I. Línea de investigación "Derechos Humanos" ¿Por qué derechos de los pueblos indígenas? Una justificación a partir del reconocimiento y la igualdad / Sergio Fuenzalida Bascuñán El derecho al olvido digital: especial consideración al caso chileno / Ángela Moreno Bobadilla, Isabel Maíllo Moreno ¿Permite el "giro cultural" una re visualización del concepto de derechos humanos en Latinoamérica? / Jorge Ulloa Plaza II. LÍNEA DE INVESTIGACIÓN "CRIMINOLOGÍA Y JUSTICIA PENAL" Justicia penal y miradas ciudadanas / María Angélica Jiménez Allendes, Tamara Santos, Paula Medina Bien jurídico y estructura de imputación del delito de microtráfico de drogas / Nicolás Oxman III. LÍNEA DE INVESTIGACIÓN "GESTIÓN COLABORATIVA DE CONFLICTOS" Un novedoso procedimiento para el aprendizaje en calidad de la mediación familiar / Isabel Ximena González Ramírez, María Soledad Fuentealba Martínez, Caterine Valdebenito Larenas IV. LÍNEA DE INVESTIGACIÓN "ESTADO GOBIERNO Y ADMINISTRACIÓN PÚBLICA" Proceso constituyente y democracia en Chile: una reflexión en medio de la incertidumbre / Kamel Cazor Aliste Responsabilidad civil funcionaria y debido proceso / Alejandro Usen Vicencio Tres dimensiones de la administración del estado y su relación con las políticas públicas / Emilio Oñate Vera El Estado Constitucional de Derecho y la contratación administrativa / Gabriel Celis Dazinger Globalización y derecho público / Mario Sepúlveda Pérez V. LÍNEA DE INVESTIGACIÓN "DESAFÍOS DEL DERECHO CIVIL CONTEMPORÁNEO DE LA PERSONA" Indemnización de perjuicios por incumplimiento del régimen comunicacional entre los hijos y el padre no custodio / Mario Alejandro Opazo González Las formas de protección de la capacidad a través de la autonomía de la voluntad en el Derecho Comparado / Yasna Otárola Espinoza, Enrique Otárola VI. LÍNEA DE INVESTIGACIÓN "ACCESO A LA JUSTICIA, USO DE DERECHOS Y EJERCICIO DEMOCRÁTICO" Breves consideraciones sobre la cosa juzgada en la experiencia americana / Priscila Machado Martins, Víctor Barría Jaramillo | ||
| 583 | |a last modification |c 20190328 01:22:53 |k Rodrigo Vera | ||
| 650 | 0 | |a Filosofía del derecho |9 255050 | |
| 650 | 0 | |a Teoría del derecho |9 255982 | |
| 942 | |c BK |2 ddc | ||
| 945 | |d 20180713 16:22:00 |a dcastane | ||
| 952 | |0 0 |1 0 |3 erb |4 0 |6 340_100000000000000_MAC_2017 |7 0 |8 A |9 488828 |a BIBDER |b BIBDER |i 548068K |o 340.1 MAC 2017 |p 548068K |r 2023-01-25 |w 2019-11-24 |y BK |z Catalogado en:20180713 |k DER | ||
| 952 | |0 0 |1 0 |3 erb |4 0 |6 340_100000000000000_MAC_2017 |7 0 |8 A |9 488829 |a BIBDER |b BIBDER |i 553965K |o 340.1 MAC 2017 |p 553965K |r 2023-01-25 |w 2019-11-24 |y BK |z Catalogado en:20190329 |k DER | ||